<?xml version="1.0" encoding="UTF-8"?>
<record
    xmlns:xsi="http://www.w3.org/2001/XMLSchema-instance"
    xsi:schemaLocation="http://www.loc.gov/MARC21/slim http://www.loc.gov/standards/marcxml/schema/MARC21slim.xsd"
    xmlns="http://www.loc.gov/MARC21/slim">

  <leader>00754nam a2200241Ia 4500</leader>
  <datafield tag="999" ind1=" " ind2=" ">
    <subfield code="c">49816</subfield>
    <subfield code="d">49816</subfield>
  </datafield>
  <controlfield tag="001">16751</controlfield>
  <controlfield tag="003">GE_BSU</controlfield>
  <controlfield tag="005">20230421115729.0</controlfield>
  <controlfield tag="008">181216s2013||||en |||||||||||||| ||eng||</controlfield>
  <datafield tag="020" ind1=" " ind2=" ">
    <subfield code="a">9780890425541x</subfield>
  </datafield>
  <datafield tag="040" ind1=" " ind2=" ">
    <subfield code="c">GE_BSU</subfield>
  </datafield>
  <datafield tag="041" ind1=" " ind2=" ">
    <subfield code="a">eng</subfield>
  </datafield>
  <datafield tag="080" ind1=" " ind2=" ">
    <subfield code="a">159.96+616.89 D-53</subfield>
  </datafield>
  <datafield tag="245" ind1=" " ind2=" ">
    <subfield code="a">Diagnostic and Statistical Manual of Mental Disorders :</subfield>
    <subfield code="b">DSM-5 TM.</subfield>
  </datafield>
  <datafield tag="250" ind1=" " ind2=" ">
    <subfield code="a">5th Edition</subfield>
  </datafield>
  <datafield tag="264" ind1=" " ind2=" ">
    <subfield code="a">London,England :</subfield>
    <subfield code="b">Psychiatric,</subfield>
    <subfield code="c">2013.</subfield>
  </datafield>
  <datafield tag="300" ind1=" " ind2=" ">
    <subfield code="a">947 p .;</subfield>
    <subfield code="c">25 cm.</subfield>
    <subfield code="e">+ DSM-5 Repositionable Page Markers</subfield>
  </datafield>
  <datafield tag="440" ind1=" " ind2=" ">
    <subfield code="a">American Psychiatric Association</subfield>
    <subfield code="9">6664</subfield>
  </datafield>
  <datafield tag="653" ind1=" " ind2=" ">
    <subfield code="a">&#x10DB;&#x10D4;&#x10D3;&#x10D8;&#x10EA;&#x10D8;&#x10DC;&#x10D0;</subfield>
  </datafield>
  <datafield tag="653" ind1=" " ind2=" ">
    <subfield code="a">&#x10E4;&#x10E1;&#x10D8;&#x10E5;&#x10D8;&#x10D9;&#x10E3;&#x10E0;&#x10D8; &#x10D0;&#x10E8;&#x10DA;&#x10D8;&#x10DA;&#x10DD;&#x10D1;&#x10D0;</subfield>
  </datafield>
  <datafield tag="653" ind1=" " ind2=" ">
    <subfield code="a">&#x10E4;&#x10E1;&#x10D8;&#x10E5;&#x10DD;&#x10DA;&#x10DD;&#x10D2;&#x10D8;&#x10D0;</subfield>
  </datafield>
  <datafield tag="942" ind1=" " ind2=" ">
    <subfield code="c">BK</subfield>
    <subfield code="2">udc</subfield>
  </datafield>
  <datafield tag="952" ind1=" " ind2=" ">
    <subfield code="0">0</subfield>
    <subfield code="1">0</subfield>
    <subfield code="2">udc</subfield>
    <subfield code="4">0</subfield>
    <subfield code="6">1599661689_D53</subfield>
    <subfield code="7">0</subfield>
    <subfield code="9">67586</subfield>
    <subfield code="a">CPL</subfield>
    <subfield code="b">CPL</subfield>
    <subfield code="c">GEN</subfield>
    <subfield code="d">2018-12-17</subfield>
    <subfield code="g">165.00</subfield>
    <subfield code="o">159.96+616.89 D-53</subfield>
    <subfield code="p">45141</subfield>
    <subfield code="r">2018-12-17</subfield>
    <subfield code="t">45141</subfield>
    <subfield code="w">2018-12-17</subfield>
    <subfield code="y">BK</subfield>
    <subfield code="z">165 gel.</subfield>
  </datafield>
  <datafield tag="952" ind1=" " ind2=" ">
    <subfield code="0">0</subfield>
    <subfield code="1">0</subfield>
    <subfield code="2">udc</subfield>
    <subfield code="4">0</subfield>
    <subfield code="6">1599661689_D53</subfield>
    <subfield code="7">0</subfield>
    <subfield code="9">94478</subfield>
    <subfield code="a">CPL</subfield>
    <subfield code="b">CPL</subfield>
    <subfield code="c">GEN</subfield>
    <subfield code="d">2023-04-21</subfield>
    <subfield code="g">292.00</subfield>
    <subfield code="o">159.96+616.89 D-53</subfield>
    <subfield code="p">29390</subfield>
    <subfield code="r">2023-04-21</subfield>
    <subfield code="t">29390</subfield>
    <subfield code="w">2023-04-21</subfield>
    <subfield code="y">BK</subfield>
    <subfield code="z">292gel.</subfield>
  </datafield>
</record>
